000 00445nam a2200157Ia 4500
008 210716s2009 xx 000 0 und d
020 _a9788131512067
041 _aeng
082 _a657.3 ALED
100 _aAlexander, David; Britton, Anne; Jorissen, Ann.
245 _aGlobal financial reporting and analysis.
250 _a1
260 _aNew Delhi
_bCengage Learning
_c2009
300 _a736
650 _aFinancial Reporting and Analyais
999 _c208411
_d208411